000
00318 a2200157 4500
001
186641
020
_a
978-85-61167-04-2
040
_c
Magnum
100
_a
Coelho, Ronaldo Simões
240
1
0
_a
Bichos
_l
por
245
1
0
_a
Bichos
300
_a
44
362
0
_a
2009
697
_a
LITERATURA INFANTO
942
_c
BK
999
_c
186641
_d
186641